Engineering Innovative Products : A Practical Experience /
שמור ב:
| מחברים אחרים: | |
|---|---|
| פורמט: | ספר |
| שפה: | אנגלית |
| יצא לאור: |
Chichester, Inglaterra :
Wiley,
2014, c2014
|
| נושאים: | |
| גישה מקוונת: | Ver documento en línea |
| תגים: |
אין תגיות, היה/י הראשונ/ה לתייג את הרשומה!
|
MARC
| LEADER | 00000nam^a2200000^a^4500 | ||
|---|---|---|---|
| 001 | 000395278 | ||
| 005 | 20251023000000.0 | ||
| 009 | 20260310121358.585 | ||
| 022 | |a 9781118757727 | ||
| 037 | |a Acervo ITESO - Biblioteca | ||
| 041 | |a ING | ||
| 082 | |a 658. 575 |b ENG | ||
| 245 | 0 | 0 | |a Engineering Innovative Products : |b A Practical Experience / |c Ed. de R. Woods... [et al.] ; pról. de Andy Hopper. |
| 264 | 4 | |a Chichester, Inglaterra : |b Wiley, |c 2014, c2014 | |
| 264 | 2 | |a Birmingham, EUA : |b EBSCOhost [distribución], |c 2014 | |
| 300 | |a 1 libro electrónico en línea (XXII, 267 p.) | ||
| 300 | |a 1 recurso en línea | ||
| 336 | |a datos para computadora |b cod |2 rdacontenido | ||
| 337 | |a computadora |b c |2 rdamedio | ||
| 338 | |a recurso en línea |b cr |2 rdasoporte | ||
| 506 | 1 | |a 1 licencia | |
| 521 | |a 2017 BO Maestría en Ingeniería de Productos y Procesos | ||
| 649 | |a XX | ||
| 650 | |a Desarrollo de Productos Nuevos - |x Tema Principal | ||
| 650 | |a Proceso de Producción | ||
| 650 | |a Planeación Estratégica | ||
| 650 | |a Propiedad Intelectual | ||
| 650 | |a Finanzas | ||
| 650 | |a Estrategia Mercadotécnica | ||
| 650 | |a Mercadotecnia | ||
| 650 | |a Proceso Administrativo - |x Dirección | ||
| 650 | |a Administración | ||
| 650 | |a Ciencias Administrativas | ||
| 700 | |a Woods, Roger |e (edición) | ||
| 856 | 4 | 0 | |u https://ezproxy.iteso.mx/login?url=https://search.ebscohost.com/login.aspx?direct=true&scope=site&db=nlebk&db=nlabk&AN=786221 |y Ver documento en línea |
| 910 | |a Fondo General | ||
| 920 | |a Electrónicos - Libros en Línea | ||
| 930 | |a Plataforma Digital | ||
| 905 | |a 205 | ||
| 901 | |a 395278-1 |b IT2 |c EBO |i C1273 |u 20250521 | ||
| 901 | |a 395278-2 |b IT2 |c EBO |i C1273 |u 20250521 | ||
| 901 | |a 395278-3 |b IT2 |c EBO |i C1273 |u 20250521 | ||
| 902 | |a https://opac.biblio.iteso.mx/vufind/Record/000395278 | ||